[Event "5th Kolkata Open"]
[Site "Kolkata IND"]
[Date "2012.12.10"]
[Round "8"]
[White "Ghosh,D"]
[Black "Hossain,Enam"]
[Result "1/2-1/2"]
[WhiteTitle "FM"]
[BlackTitle "GM"]
[WhiteElo "2425"]
[BlackElo "2496"]
[WhiteFideId "5045207"]
[BlackFideId "10200649"]
[EventDate "2012.12.03"]

1. c4 Nf6 2. g3 e5 3. Bg2 d6 4. Nc3 Be7 5. Nf3 c6 6. O-O O-O 7. Qc2 Re8 8. d3
Bf8 9. Bg5 Nbd7 10. b4 h6 11. Bd2 a6 12. Qb3 Nb6 13. a4 e4 14. Nd4 exd3 15. exd3
d5 16. c5 Nbd7 17. a5 g6 18. Na4 Bg7 19. Bc3 Rb8 20. Rfe1 Nf8 21. Qb2 Bg4 22.
Nb6 Rxe1+ 23. Rxe1 N6d7 24. h3 Nxb6 25. axb6 Be6 26. Kh2 Qd7 27. Nf3 Bxc3 28.
Qxc3 Re8 29. Qe5 Qd8 30. Qf4 Kg7 31. h4 Qf6 32. Qxf6+ Kxf6 33. Nd4 Re7 34. f4
Bg4 35. Rxe7 Kxe7 36. Kg1 Kd8 37. Kf2 Ne6 38. Nxe6+ Bxe6 39. Ke3 Ke7 40. d4 h5
41. Bf1 Kd8 42. Bd3 f5 1/2-1/2

[Event "5th Kolkata Open"]
[Site "Kolkata IND"]
[Date "2012.12.10"]
[Round "8"]
[White "Sahoo,U"]
[Black "Deepan,C"]
[Result "0-1"]
[BlackTitle "GM"]
[WhiteElo "2254"]
[BlackElo "2487"]
[WhiteFideId "5034566"]
[BlackFideId "5011132"]
[EventDate "2012.12.03"]

1. e4 c5 2. Nf3 d6 3. d4 cxd4 4. Nxd4 Nf6 5. Nc3 Nc6 6. Bc4 e6 7. Be3 a6 8. Bb3
Na5 9. Qe2 b5 10. a3 Nxb3 11. Nxb3 Bb7 12. f3 Rc8 13. O-O Qc7 14. Rad1 Be7 15.
Bf2 O-O 16. Nd4 Rfe8 17. f4 Bf8 18. Bg3 Qc4 19. e5 Qxe2 20. Ndxe2 dxe5 21. fxe5
Ng4 22. Bf4 Bc5+ 23. Nd4 f6 24. exf6 gxf6 25. h3 e5 0-1

[Event "5th Kolkata Open"]
[Site "Kolkata IND"]
[Date "2012.12.10"]
[Round "8"]
[White "Nolte,R"]
[Black "Saptarshi,R"]
[Result "1/2-1/2"]
[WhiteTitle "IM"]
[BlackTitle "IM"]
[WhiteElo "2453"]
[BlackElo "2402"]
[WhiteFideId "5200636"]
[BlackFideId "5008980"]
[EventDate "2012.12.03"]

1. e4 e5 2. Nf3 Nc6 3. d4 exd4 4. Nxd4 Bb4+ 5. c3 Bc5 6. Be3 Bb6 7. Nd2 Nxd4 8.
Bxd4 Bxd4 9. cxd4 d5 10. e5 Ne7 11. Bd3 Bf5 12. Bxf5 Nxf5 13. Nf3 O-O 14. O-O c6
15. Qd3 g6 16. b4 Rc8 17. Rac1 Qb6 18. Qd2 Rfe8 19. h4 h5 20. g3 Qd8 21. Rfe1
Ng7 22. Kg2 Qd7 23. Qh6 Nf5 24. Qf4 Ng7 25. Rc3 a5 26. bxa5 Ra8 27. Qh6 Nf5 28.
Qd2 Ng7 29. Rb3 Ra7 30. Reb1 Ne6 31. Qh6 Re7 32. Ng5 Nxg5 33. Qxg5 Kh7 34. Qd2
Qd8 35. Rb6 Qa8 36. Qb4 Rd7 37. Re1 Rxa5 38. e6 fxe6 39. Rxe6 Ra7 40. Re7+ Rxe7
41. Qxe7+ Kg8 42. Qe6+ Kg7 43. Rb3 Qg8 44. Qe5+ Kh7 45. Rf3 Qg7 46. Qd6 b6 47.
Qxc6 Qxd4 48. Rf4 Qc5 49. Qe6 d4 50. Rf6 Rg7 51. Qe4 b5 52. Rc6 Qa7 53. Rd6 Qxa2
54. Rd5 Kh6 55. Rd8 Kh7 56. Rd5 Kh6 57. Qf4+ Kh7 58. Qxd4 Qa8 59. Kh2 Qb7 60.
Qd3 Rf7 61. Kg1 Qb6 62. Qd2 Kg7 63. Qb2+ Qf6 64. Qxf6+ Kxf6 65. Rxb5 Ra7 66. Kg2
Ra2 67. Rb6+ Kf5 68. Rb8 Ra3 69. f3 Ra2+ 70. Kh3 Rf2 71. Rb5+ Kf6 72. g4 hxg4+
73. Kxg4 Rg2+ 74. Kh3 Rg1 75. h5 gxh5 76. Rxh5 Kg6 1/2-1/2

[Event "5th Kolkata Open"]
[Site "Kolkata IND"]
[Date "2012.12.10"]
[Round "8"]
[White "Lintchevski,D"]
[Black "Gagare,Shar"]
[Result "1-0"]
[WhiteTitle "GM"]
[BlackTitle "FM"]
[WhiteElo "2553"]
[BlackElo "2381"]
[WhiteFideId "4171055"]
[BlackFideId "5037883"]
[EventDate "2012.12.03"]

1. e4 c6 2. d4 d5 3. Nc3 dxe4 4. Nxe4 Bf5 5. Ng3 Bg6 6. h4 h6 7. Nf3 Nd7 8. h5
Bh7 9. Bd3 Bxd3 10. Qxd3 Qc7 11. Bd2 e6 12. O-O-O O-O-O 13. Ne4 Ngf6 14. g3 Nxe4
15. Qxe4 Bd6 16. c4 c5 17. Bc3 Nf6 18. Qe2 cxd4 19. Nxd4 a6 20. Kb1 Bc5 21. Nb3
Qc6 22. Nxc5 Qxc5 23. g4 Rxd1+ 24. Rxd1 Rd8 25. Rxd8+ Kxd8 26. f3 Ke8 27. a3 Qc6
28. Qd3 Qc5 29. Qd4 Qxd4 30. Bxd4 Ke7 31. Kc2 Ne8 32. Kd3 f6 33. a4 Kd7 34. b4
Kc7 35. Bc5 Nd6 36. b5 Kd7 37. Kd4 Kc7 38. Bb4 Kd7 39. c5 Nf7 40. c6+ bxc6 41.
bxa6 Kc7 42. Bf8 f5 43. Kc5 fxg4 44. fxg4 Kb8 45. Bxg7 e5 46. Kxc6 e4 47. Bd4 e3
48. Bxe3 Ne5+ 49. Kd5 Nxg4 50. Bd4 Ka8 51. Ke4 Nh2 52. Kf4 Nf1 53. Bg7 Nd2 54.
Bxh6 Nc4 55. Bf8 Nb6 56. h6 Nd5+ 57. Ke5 1-0

[Event "5th Kolkata Open"]
[Site "Kolkata IND"]
[Date "2012.12.10"]
[Round "8"]
[White "Grover,S"]
[Black "Konguvel,P"]
[Result "1-0"]
[WhiteTitle "GM"]
[BlackTitle "IM"]
[WhiteElo "2509"]
[BlackElo "2359"]
[WhiteFideId "5021103"]
[BlackFideId "5000548"]
[EventDate "2012.12.03"]

1. d4 Nf6 2. c4 g6 3. f3 d5 4. cxd5 Nxd5 5. e4 Nb6 6. Nc3 Bg7 7. Be3 O-O 8. Qd2
Nc6 9. O-O-O Qd6 10. Nb5 Qd7 11. Bh6 Bxh6 12. Qxh6 a6 13. Nc3 Nxd4 14. f4 c5 15.
h4 f6 16. h5 Qe8 17. hxg6 Qxg6 18. Qh2 Bg4 19. f5 Qg5+ 20. Kb1 Rf7 21. Rd3 Rg7
22. Qc7 Nc4 23. Qxb7 Rd8 24. Qb3 Nxb3 25. Rxd8+ Kf7 26. Bxc4+ e6 27. axb3 Ke7
28. Nh3 Qh4 29. Rd3 exf5 30. g3 Qh5 31. Nd5+ Kf8 32. Ndf4 1-0

[Event "5th Kolkata Open"]
[Site "Kolkata IND"]
[Date "2012.12.10"]
[Round "8"]
[White "Akshayraj,K"]
[Black "Mohota,N"]
[Result "1/2-1/2"]
[WhiteTitle "IM"]
[BlackTitle "IM"]
[WhiteElo "2459"]
[BlackElo "2339"]
[WhiteFideId "5012414"]
[BlackFideId "5004330"]
[EventDate "2012.12.03"]

1. d4 Nf6 2. c4 g6 3. Nc3 Bg7 4. g3 O-O 5. Bg2 d6 6. Nf3 Nbd7 7. O-O e5 8. Qc2
Re8 9. Rd1 c6 10. dxe5 dxe5 11. Ng5 Qe7 12. Nge4 Nxe4 13. Nxe4 Nc5 14. Bg5 f6
15. Nxc5 Qxc5 16. Be3 Qe7 17. Rd2 Be6 18. Rad1 Red8 19. b3 Bf8 20. h4 Re8 21.
Kh2 Bf5 22. Be4 Be6 23. Bg2 Bf5 24. Be4 Be6 25. Bg2 1/2-1/2

[Event "5th Kolkata Open"]
[Site "Kolkata IND"]
[Date "2012.12.10"]
[Round "8"]
[White "Swayams,M"]
[Black "Udeshi,A"]
[Result "1/2-1/2"]
[WhiteTitle "IM"]
[BlackTitle "IM"]
[WhiteElo "2439"]
[BlackElo "2376"]
[WhiteFideId "5028183"]
[BlackFideId "5021740"]
[EventDate "2012.12.03"]

1. Nf3 Nf6 2. c4 e6 3. Nc3 Bb4 4. Qc2 O-O 5. a3 Bxc3 6. Qxc3 b6 7. g3 Bb7 8. Bg2
d5 9. b4 d4 10. Qb3 e5 11. Bb2 Nbd7 12. O-O c5 13. d3 Qc7 14. Rfe1 Rad8 15. Rad1
Qb8 16. h3 Qa8 17. e4 Ne8 18. Nh2 Nd6 19. Bc1 a6 20. f4 f6 21. f5 Nxf5 22. g4
Nd6 23. a4 Kh8 24. b5 axb5 25. axb5 Qb8 26. Bd2 Qc7 27. Nf1 Ra8 28. Ng3 Ra7 29.
Ra1 Rxa1 30. Rxa1 Ra8 31. Rxa8+ Bxa8 32. Qa4 Bb7 33. h4 g6 34. Bh3 Kg7 35. Qd1
Bc8 36. g5 fxg5 37. Bxg5 Nf6 38. Qf1 Nde8 39. Qg2 Kf7 40. Qf1 Bxh3 41. Qxh3 Qd7
42. Qxd7+ Nxd7 43. Kg2 Ng7 44. Kf3 Ne6 45. Bd2 Nf6 46. Bh6 Ng8 47. Bc1 Kg7 48.
Bd2 Nh6 49. Nh1 Nf7 50. Nf2 Nf8 51. Ng4 Nd7 52. Nf2 Nf6 53. Nd1 h6 54. Nb2 g5
55. Na4 Nd7 56. Kg4 Kg6 57. Bc1 gxh4 58. Kxh4 Nd6 59. Bd2 Ne8 60. Bc1 Ng7 61.
Bd2 Ne6 62. Kg4 Ng5 63. Bc1 h5+ 64. Kg3 Ne6 65. Bd2 Kf6 66. Bc1 Nf4 67. Bxf4
exf4+ 68. Kxf4 Ne5 69. Nxb6 Nxd3+ 70. Kg3 Ne5 71. Nd5+ Kg5 72. b6 h4+ 73. Kh3 d3
74. b7 Nd7 75. e5 Kf5 76. e6 Kxe6 77. Nf4+ Ke5 78. Nxd3+ Kd4 79. Nb2 Kc3 80.
Na4+ Kb4 81. Nb6 Nb8 82. Kxh4 Ka5 83. Nc8 Ka6 84. Nd6 Kb6 85. Kg5 Kc6 86. Ne4
Kxb7 87. Nxc5+ Kc6 88. Ne4 1/2-1/2

[Event "5th Kolkata Open"]
[Site "Kolkata IND"]
[Date "2012.12.10"]
[Round "8"]
[White "Himanshu,Sh"]
[Black "Gusain,H"]
[Result "1-0"]
[WhiteTitle "IM"]
[WhiteElo "2417"]
[BlackElo "2339"]
[WhiteFideId "5007836"]
[BlackFideId "5033861"]
[EventDate "2012.12.03"]

1. f4 d5 2. Nf3 c5 3. g3 g6 4. Bg2 Nc6 5. O-O Bg7 6. d3 e6 7. e4 Nge7 8. e5 b6
9. c3 Qc7 10. Be3 a5 11. a4 Ba6 12. Na3 O-O 13. Bf2 Rad8 14. Qe2 Na7 15. g4 b5
16. axb5 Nxb5 17. Bh4 Rb8 18. Bf6 Kh8 19. Nh4 Ng8 20. Bxg7+ Kxg7 21. f5 exf5 22.
gxf5 Nxa3 23. bxa3 Rbe8 24. Rae1 d4 25. c4 Bc8 26. f6+ Kh8 27. Bd5 Nh6 28. Nf3
Ng4 29. Qd2 g5 30. Kh1 Ne3 31. Rxe3 dxe3 32. Qxe3 Bb7 33. Qxg5 Rg8 34. Qf5 Bxd5
35. cxd5 Qb7 36. e6 fxe6 37. dxe6 Qb2 38. Ng5 Qb7+ 39. Ne4 Qb2 40. Qh3 Rgf8 41.
f7 Re7 42. Rg1 Qe2 43. Qg3 1-0

[Event "5th Kolkata Open"]
[Site "Kolkata IND"]
[Date "2012.12.10"]
[Round "8"]
[White "Gokhale,C"]
[Black "G.,A"]
[Result "0-1"]
[WhiteTitle "IM"]
[BlackTitle "IM"]
[WhiteElo "2236"]
[BlackElo "2404"]
[WhiteFideId "5001315"]
[BlackFideId "5040299"]
[EventDate "2012.12.03"]

1. d4 Nf6 2. Nf3 g6 3. Bf4 Bg7 4. h3 O-O 5. e3 d6 6. Be2 Nfd7 7. c4 e5 8. Bh2
Nc6 9. Nc3 b6 10. O-O Bb7 11. Re1 Re8 12. Rb1 a5 13. a3 Nf8 14. d5 Nb8 15. b4
Nbd7 16. Nd2 f5 17. Nb3 axb4 18. axb4 Nf6 19. c5 g5 20. Bb5 Re7 21. Bc6 Rb8 22.
Qc2 Bc8 23. Nb5 f4 24. cxd6 cxd6 25. Nd2 Ba6 26. Ra1 Bxb5 27. Bxb5 Ng6 28. Qf5
Kh8 29. Bc6 e4 30. exf4 gxf4 31. Bxf4 Nxf4 32. Qxf4 Nh5 33. Qh4 Bxa1 34. Rxa1
Re5 35. Qxd8+ Rxd8 36. Nc4 Rg5 37. h4 Rg6 38. b5 Rdg8 39. Ne3 Nf4 40. g3 Rxg3+
41. fxg3 Rxg3+ 42. Kf1 Rxe3 43. Ra6 Rb3 44. Ra4 Rf3+ 45. Ke1 e3 46. Ra3 Ng2+ 47.
Ke2 Rf2+ 0-1

[Event "5th Kolkata Open"]
[Site "Kolkata IND"]
[Date "2012.12.10"]
[Round "8"]
[White "Saravanan,V1"]
[Black "Sangma,R"]
[Result "0-1"]
[WhiteTitle "IM"]
[BlackTitle "IM"]
[WhiteElo "2402"]
[BlackElo "2351"]
[WhiteFideId "5000580"]
[BlackFideId "5013615"]
[EventDate "2012.12.03"]

1. Nf3 Nf6 2. c4 b6 3. g3 Bb7 4. Bg2 g6 5. d4 Bg7 6. O-O O-O 7. Nc3 Ne4 8. Bd2
Nxc3 9. Bxc3 Be4 10. Rc1 d5 11. Qb3 c6 12. Rfd1 e6 13. Ne5 Bxg2 14. Kxg2 Re8 15.
cxd5 Qxd5+ 16. f3 Bxe5 17. dxe5 Qxb3 18. axb3 Na6 19. b4 Rec8 20. Ra1 Nc7 21. g4
Nb5 22. Rd7 Rd8 23. Rad1 Rxd7 24. Rxd7 Nxc3 25. bxc3 a5 26. bxa5 bxa5 27. Kf2 a4
28. Rd2 Ra5 29. e4 Rxe5 30. Rd8+ Kg7 31. Ra8 Rc5 32. Rxa4 Rxc3 33. g5 h6 34. h4
c5 35. Ra7 Rc2+ 36. Kg3 h5 37. Rc7 Rc1 38. Rc8 c4 39. e5 c3 40. Kg2 Rc2+ 41. Kg3
Re2 42. Rxc3 Rxe5 43. Rc8 Rf5 44. Rc7 Kf8 45. Ra7 Rd5 46. Ra8+ Ke7 47. Ra7+ Rd7
48. Ra6 f6 49. gxf6+ Kxf6 50. Rb6 Rd1 51. Rb5 Rd5 52. Rb8 g5 53. hxg5+ Rxg5+ 54.
Kh4 Rf5 55. Rb6 Rxf3 56. Kxh5 Kf5 57. Kh4 e5 58. Rb8 Kf4 59. Rf8+ Ke3 60. Re8 e4 0-1

[Event "5th Kolkata Open"]
[Site "Kolkata IND"]
[Date "2012.12.10"]
[Round "8"]
[White "Sharma,Di"]
[Black "Karthikeyan,M2"]
[Result "1-0"]
[WhiteTitle "IM"]
[WhiteElo "2387"]
[BlackElo "2315"]
[WhiteFideId "5004110"]
[BlackFideId "5074452"]
[EventDate "2012.12.03"]

1. e4 c5 2. Nf3 e6 3. d4 cxd4 4. Nxd4 a6 5. Bd3 Nf6 6. O-O Qc7 7. Qe2 d6 8. f4
g6 9. Nc3 Bg7 10. e5 dxe5 11. Ncb5 axb5 12. Nxb5 Qe7 13. fxe5 O-O 14. exf6 Bxf6
15. c3 Bg7 16. Be3 Nd7 17. Qf2 Rd8 18. Be2 f5 19. Rfd1 Bf6 20. Nc7 Ra4 21. Nb5
Ra8 22. a4 Ne5 23. Rxd8+ Qxd8 24. Bb6 Qe7 25. Nc7 Rb8 26. a5 Bd7 27. Rd1 Bc6 28.
Nb5 h5 29. Qc5 Nd7 30. Qxe7 Bxe7 31. Be3 Kf7 32. Nd4 Nc5 33. Nxc6 bxc6 34. b4
Ne4 35. Bf4 Ra8 36. Bf3 Nxc3 37. Rd7 Kf6 38. Bxc6 Rc8 39. Rc7 Rd8 40. Bg5+ Kxg5
41. Rxe7 Ne2+ 42. Kf2 Nd4 43. Bb7 Rd6 44. Rc7 Kf6 45. Rc5 Nb3 46. a6 Nxc5 47.
bxc5 Rd2+ 48. Ke3 Ra2 49. c6 Rc2 50. a7 Ra2 51. c7 1-0

[Event "Russia Cup Final 2012"]
[Site "Khanty-Mansiisk RUS"]
[Date "2012.12.04"]
[Round "1.1"]
[White "Savchenko,B"]
[Black "Khismatullin,D"]
[Result "1-0"]
[WhiteTitle "GM"]
[BlackTitle "GM"]
[WhiteElo "2571"]
[BlackElo "2647"]
[WhiteFideId "4147332"]
[BlackFideId "4142578"]
[EventDate "2012.12.04"]

1. c4 Nf6 2. Nf3 b6 3. g3 Bb7 4. d4 e6 5. Bg2 Be7 6. O-O O-O 7. b3 c5 8. Bb2
cxd4 9. Qxd4 d6 10. Rd1 Nbd7 11. h3 a6 12. Nbd2 Qc7 13. e4 Rac8 14. Qe3 Qb8 15.
a4 Rfe8 16. e5 dxe5 17. Nxe5 Bxg2 18. Kxg2 Red8 19. Nxd7 Nxd7 20. Ne4 Qb7 21.
Qf3 Qc6 22. g4 Qc7 23. Qg3 Qb7 24. Qf3 Qb8 25. Qc3 f6 26. Qe3 Nf8 27. g5 e5 28.
gxf6 Bxf6 29. Qf3 Be7 30. Rxd8 Rxd8 31. Rd1 Ng6 32. Kf1 Qc8 33. Rxd8+ Qxd8 34.
Nc3 h6 35. Nd5 Bc5 36. b4 Bd6 37. Qe4 Kh7 38. Bc1 Qd7 39. Kg2 Qxa4 40. Be3 Qe8
41. Bxb6 Kh8 42. Be3 Nf8 43. f4 Qh5 44. Bc5 Bxc5 45. bxc5 Ne6 46. c6 Qe8 47.
Qxe5 Qxc6 48. f5 Nf8 49. Qe7 Nd7 50. Qe8+ Kh7 51. f6 Qxc4 52. Qxd7 Qe2+ 53. Kg3
Qe1+ 54. Kf3 Qh1+ 55. Ke2 Qg2+ 56. Kd3 Qf1+ 57. Kc3 Qe1+ 58. Kc4 Qc1+ 59. Kb4
Qe1+ 60. Kc5 Qa5+ 61. Kd6 Qa3+ 62. Kc7 Qc5+ 63. Kb7 Qf8 64. f7 g6 65. Nc7 Qb4+
66. Kc8 1-0

[Event "Russia Cup Final 2012"]
[Site "Khanty-Mansiisk RUS"]
[Date "2012.12.04"]
[Round "1.1"]
[White "Grigoriants,S RUS"]
[Black "Socko,B"]
[Result "1-0"]
[WhiteTitle "GM"]
[BlackTitle "GM"]
[WhiteElo "2589"]
[BlackElo "2631"]
[WhiteFideId "4130804"]
[BlackFideId "1107038"]
[EventDate "2012.12.04"]

1. Nf3 Nf6 2. c4 e6 3. g3 d5 4. d4 dxc4 5. Bg2 Bd7 6. Ne5 Bc6 7. Nxc6 Nxc6 8. e3
Qd7 9. O-O O-O-O 10. Nd2 h5 11. Nxc4 h4 12. b4 Bxb4 13. Qb3 Nd5 14. Rb1 b6 15.
a3 Be7 16. Bd2 hxg3 17. hxg3 f5 18. Rfc1 Kb8 19. Qb5 Qe8 20. a4 Kb7 21. a5 Nb8
22. Qb3 b5 23. Qxb5+ Qxb5 24. Rxb5+ Ka8 25. Ne5 a6 26. Rb3 Rc8 27. Ng6 Rhe8 28.
Nf4 c6 29. Nxe6 Rg8 30. Nxg7 Nxe3 31. Bxe3 Rxg7 32. d5 1-0

[Event "Russia Cup Final 2012"]
[Site "Khanty-Mansiisk RUS"]
[Date "2012.12.04"]
[Round "1.1"]
[White "Lysyj,I"]
[Black "Romanov,E"]
[Result "1-0"]
[WhiteTitle "GM"]
[BlackTitle "GM"]
[WhiteElo "2617"]
[BlackElo "2616"]
[WhiteFideId "4150120"]
[BlackFideId "4148843"]
[EventDate "2012.12.04"]

1. d4 d5 2. c4 dxc4 3. e3 e5 4. Bxc4 exd4 5. exd4 Bd6 6. Nf3 Nf6 7. Qe2+ Qe7 8.
Qxe7+ Bxe7 9. O-O Be6 10. Bxe6 fxe6 11. Ng5 Kd7 12. Re1 Bb4 13. Bd2 Nc6 14. Nxe6
Rae8 15. Nc5+ Kc8 16. Rxe8+ Rxe8 17. Nb3 Bxd2 18. N1xd2 a5 19. a4 Nd5 20. Nc4
Ncb4 21. Kf1 b6 22. Re1 Rd8 23. g3 Nc2 24. Rd1 Re8 25. Nc1 Kb7 26. Ne2 Ka6 27.
Rd2 Na1 28. Nc3 Nxc3 29. bxc3 Nb3 30. Rb2 Nc1 31. Ne5 c5 32. Nc4 cxd4 33. cxd4
Rb8 34. Rb5 Na2 35. Nxa5 Nc3 36. Nc6 Rc8 37. Nb4+ Kb7 38. Rg5 g6 39. a5 Rc4 40.
Nd5 Nxd5 41. Rxd5 Kc6 42. Re5 b5 43. Rc5+ Rxc5 44. dxc5 Kxc5 45. f4 b4 46. Ke2
Kb5 47. g4 b3 48. Kd2 Kxa5 49. f5 gxf5 50. gxf5 b2 51. Kc2 Kb4 52. f6 1-0

[Event "Russia Cup Final 2012"]
[Site "Khanty-Mansiisk RUS"]
[Date "2012.12.05"]
[Round "1.2"]
[White "Khismatullin,D"]
[Black "Savchenko,B"]
[Result "1-0"]
[WhiteTitle "GM"]
[BlackTitle "GM"]
[WhiteElo "2647"]
[BlackElo "2571"]
[WhiteFideId "4142578"]
[BlackFideId "4147332"]
[EventDate "2012.12.04"]

1. d4 e6 2. c4 b6 3. e4 Bb7 4. Bd3 Nc6 5. Nf3 Nb4 6. Nc3 Nxd3+ 7. Qxd3 Ne7 8. d5
h6 9. Be3 d6 10. O-O-O Qd7 11. Kb1 Ng6 12. h4 Be7 13. dxe6 fxe6 14. e5 Nf8 15.
exd6 cxd6 16. Rhe1 Rd8 17. Bf4 e5 18. Bg3 Qg4 19. Ka1 Qg6 20. Qe2 Ne6 21. Nd5
Bxd5 22. cxd5 Nf8 23. Bxe5 dxe5 24. Nxe5 Qd6 25. Nc4 Qf6 26. d6 Ng6 27. dxe7
Nxe7 28. Rxd8+ Kxd8 29. Qe4 Rf8 30. a3 Ke8 31. Ne5 Qd6 32. Qa4+ 1-0

[Event "Russia Cup Final 2012"]
[Site "Khanty-Mansiisk RUS"]
[Date "2012.12.05"]
[Round "1.2"]
[White "Gabrielian,A"]
[Black "Khairullin,I"]
[Result "0-1"]
[WhiteTitle "GM"]
[BlackTitle "GM"]
[WhiteElo "2589"]
[BlackElo "2632"]
[WhiteFideId "4131002"]
[BlackFideId "4151348"]
[EventDate "2012.12.04"]

1. e4 e5 2. Nf3 Nc6 3. Bb5 Nf6 4. d3 Bc5 5. Bxc6 dxc6 6. O-O Qd6 7. Nbd2 Be6 8.
b3 Nd7 9. Ng5 f6 10. Nxe6 Qxe6 11. Nc4 O-O 12. Kh1 Rf7 13. Bd2 Bd6 14. Na5 Rb8
15. b4 Nf8 16. a3 Qd7 17. Be3 b6 18. Nc4 Ne6 19. c3 c5 20. Qb3 Bf8 21. Rfd1 Rd8
22. b5 Qe8 23. Rd2 g6 24. a4 Rfd7 25. Rad1 Bg7 26. a5 f5 27. f3 Qf7 28. Qc2 f4
29. Bf2 g5 30. Kg1 h5 31. Kf1 g4 32. Ke2 Bf6 33. Qa2 Kg7 34. axb6 axb6 35. Qa6
Kh6 36. Qb7 Rg8 37. Qc6 Rg6 38. Qa8 Rg8 39. Qc6 Rg6 40. Ra2 Bg7 41. Ra7 Ng5 42.
Qb7 gxf3+ 43. gxf3 Nh3 44. Rf1 Rg2 45. Qc8 Rxh2 46. Ke1 Bf6 47. Nd6 Rxd6 48.
Rxc7 Qe6 49. Qf8+ Kg6 0-1

[Event "Russia Cup Final 2012"]
[Site "Khanty-Mansiisk RUS"]
[Date "2012.12.05"]
[Round "1.2"]
[White "Socko,B"]
[Black "Grigoriants,S RUS"]
[Result "1-0"]
[WhiteTitle "GM"]
[BlackTitle "GM"]
[WhiteElo "2631"]
[BlackElo "2589"]
[WhiteFideId "1107038"]
[BlackFideId "4130804"]
[EventDate "2012.12.04"]

1. c4 Nf6 2. Nc3 e5 3. Nf3 Nc6 4. g3 Bb4 5. Bg2 Bxc3 6. bxc3 O-O 7. O-O d6 8. d3
e4 9. Nd4 exd3 10. exd3 Nxd4 11. cxd4 d5 12. Bg5 h6 13. Bxf6 Qxf6 14. cxd5 Qxd4
15. Rc1 Bf5 16. Rxc7 b5 17. Qf3 Bxd3 18. Rd1 Qe5 19. d6 Be2 20. Qd5 Qf6 21. Re1
Bc4 22. Qe5 Qxe5 23. Rxe5 Rad8 24. d7 Bxa2 25. Rxb5 Be6 26. Bc6 a6 27. Rb6 a5
28. f4 g6 29. Kf2 Kg7 30. Ke3 Kf6 31. Kd4 Rb8 32. Ra6 Rb4+ 33. Kc5 Rc4+ 34. Kb6
Rd8 35. Rxa5 Ke7 36. Re5 Kd6 37. Rc8 Ke7 38. g4 Rxf4 39. Kc7 Rxd7+ 40. Bxd7 Rc4+
41. Bc6 Kf6 42. Rxe6+ Kxe6 43. Rh8 Kf6 44. Rxh6 Rxg4 45. Kd6 Rg5 46. Rh3 Rh5 47.
Rf3+ Rf5 48. Rg3 Rf2 49. h3 Rf4 50. Bd5 g5 51. Rg2 Rh4 52. Rg3 g4 53. hxg4 Kg5
54. Rf3 Rxg4 55. Ke5 f6+ 56. Rxf6 Ra4 57. Rf1 Ra5 58. Rg1+ Kh5 59. Ke4 Kh6 60.
Be6 Rg5 61. Ra1 Rg2 62. Kf5 Rg5+ 63. Kf6 Rg6+ 64. Ke5 Rg3 65. Kf4 Rg2 66. Ra8
Rg7 67. Bf5 Rg1 68. Ra7 Rf1+ 69. Ke5 Kg5 70. Rg7+ Kh4 71. Rg4+ Kh5 72. Kf6 Ra1
73. Rb4 Ra6+ 74. Be6 Rd6 75. Rb5+ 1-0

[Event "Russia Cup Final 2012"]
[Site "Khanty-Mansiisk RUS"]
[Date "2012.12.05"]
[Round "1.2"]
[White "Kovalenko,I"]
[Black "Kokarev,Dm"]
[Result "0-1"]
[WhiteTitle "GM"]
[BlackTitle "GM"]
[WhiteElo "2595"]
[BlackElo "2623"]
[WhiteFideId "14117908"]
[BlackFideId "4132181"]
[EventDate "2012.12.04"]

1. d4 g6 2. e4 Bg7 3. c4 c5 4. d5 d6 5. Nc3 e6 6. Nf3 exd5 7. cxd5 a6 8. h3 b5
9. Bd3 Nf6 10. O-O O-O 11. Bf4 Re8 12. Re1 Ra7 13. a3 Rae7 14. b4 Nh5 15. Bd2
Rc7 16. Rc1 Nd7 17. Bf1 Bb7 18. Qb3 Nb6 19. bxc5 dxc5 20. Rcd1 Rc8 21. Bg5 Bf6
22. Bd2 Nd7 23. g4 Ng7 24. g5 Ne5 25. Nxe5 Bxe5 26. Ne2 c4 27. Qf3 Nh5 28. h4
Ra8 29. Bc3 Qd6 30. Bb4 Qb6 31. Rb1 Rad8 32. Bh3 Bc8 33. Bg4 Bxg4 34. Qxg4 Bd6
35. Rbd1 Be5 36. Bc3 Nf4 37. Bxe5 Nxe2+ 38. Rxe2 Rxe5 39. Qg3 Ree8 40. d6 a5 41.
h5 gxh5 42. e5 Qc5 43. Qf4 c3 44. Qf6 Qc4 45. Kf1 Qg4 46. Rd3 b4 47. axb4 axb4
48. g6 hxg6 49. f4 Qe6 50. Qg5 Qc4 51. Rd1 c2 0-1

[Event "Russia Cup Final 2012"]
[Site "Khanty-Mansiisk RUS"]
[Date "2012.12.05"]
[Round "1.2"]
[White "Bocharov,D"]
[Black "Timofeev,Arty"]
[Result "1-0"]
[WhiteTitle "GM"]
[BlackTitle "GM"]
[WhiteElo "2620"]
[BlackElo "2598"]
[WhiteFideId "4138716"]
[BlackFideId "4140419"]
[EventDate "2012.12.04"]

1. d4 Nf6 2. c4 g6 3. f3 d5 4. cxd5 Nxd5 5. e4 Nb6 6. Nc3 Bg7 7. Be3 Nc6 8. Bb5
O-O 9. Nge2 Na5 10. b3 e5 11. dxe5 Bxe5 12. O-O Qe7 13. Qe1 a6 14. Bd3 Nc6 15.
Rd1 Bd6 16. Qf2 Ne5 17. Bb1 Be6 18. h3 f6 19. f4 Ned7 20. Nd4 Bf7 21. Nce2 c5
22. Nf3 c4 23. Nfd4 Bc5 24. Ng3 Rfe8 25. Kh1 Nd5 26. Bd2 Nc7 27. Ngf5 Qf8 28.
Qg3 Rad8 29. Ba5 Bb6 30. Bc3 Nc5 31. e5 cxb3 32. axb3 Nxb3 33. Nxb3 Rxd1 34.
Rxd1 Bxb3 35. Rd6 Bc5 36. Rxf6 Bf7 37. Qg5 1-0

[Event "Russia Cup Final 2012"]
[Site "Khanty-Mansiisk RUS"]
[Date "2012.12.05"]
[Round "1.2"]
[White "Romanov,E"]
[Black "Lysyj,I"]
[Result "0-1"]
[WhiteTitle "GM"]
[BlackTitle "GM"]
[WhiteElo "2616"]
[BlackElo "2617"]
[WhiteFideId "4148843"]
[BlackFideId "4150120"]
[EventDate "2012.12.04"]

1. d4 Nf6 2. c4 e6 3. Nc3 Bb4 4. e3 O-O 5. Ne2 d5 6. cxd5 exd5 7. g3 Re8 8. Bg2
Bf8 9. O-O b6 10. h3 Bb7 11. g4 Na6 12. Nf4 c6 13. g5 Ne4 14. h4 Nc7 15. Qc2
Nxc3 16. bxc3 Qd7 17. Bh3 Qd6 18. a4 Qd8 19. Bg2 Qd7 20. Bh3 Qd8 21. Nh5 Bc8 22.
Bg2 Bg4 23. Ng3 Qd7 24. f3 Bd6 25. Nh1 Bh3 26. Nf2 Bxg2 27. Kxg2 c5 28. Ng4 Ne6
29. Qd1 Nf8 30. Qd3 cxd4 31. cxd4 Rac8 32. h5 Qe7 33. f4 Qe6 34. Kg3 Nd7 35. Bd2
f6 36. Kh4 Be7 37. h6 fxg5+ 38. fxg5 gxh6 39. Kh5 Bxg5 40. Qf5 Qg6+ 41. Qxg6+
hxg6+ 42. Kxg6 Rc6+ 43. Kh5 Rf8 44. Bb4 Rxf1 45. Rxf1 Kg7 46. Rg1 Kf7 47. Rf1+
Nf6+ 48. Nxf6 Rxf6 49. Rc1 a5 50. Rc7+ Ke8 51. Be7 Rf7 52. Bd6 Bxe3 53. Rc3 Bxd4
54. Rd3 Rf5+ 55. Kg4 Rg5+ 56. Kf4 Kd7 0-1

[Event "Russia Cup Final 2012"]
[Site "Khanty-Mansiisk RUS"]
[Date "2012.12.05"]
[Round "1.3"]
[White "Timofeev,Arty"]
[Black "Bocharov,D"]
[Result "1/2-1/2"]
[WhiteTitle "GM"]
[BlackTitle "GM"]
[WhiteElo "2598"]
[BlackElo "2620"]
[WhiteFideId "4140419"]
[BlackFideId "4138716"]
[EventDate "2012.12.04"]

1. c4 e5 2. Nc3 Nf6 3. Nf3 Nc6 4. d3 Bc5 5. e3 O-O 6. g3 d6 7. Bg2 a6 8. O-O Ba7
9. b3 Ne7 10. d4 exd4 11. Nxd4 Ng6 12. Bb2 Re8 13. Nd5 c6 14. Nxf6+ Qxf6 15. Qd2
Qe7 16. h3 Bd7 17. Qc2 Ne5 18. Rad1 Qf8 19. Rd2 Rad8 20. Rfd1 Bc8 21. Ba3 f5 22.
Kh2 Qf6 23. Ne2 Nf7 24. Qc3 Qh6 25. Qa5 Bb8 26. Nd4 Ne5 27. Kg1 Qh5 28. f4 Ng6
29. e4 Ne7 30. g4 Qh6 31. exf5 Qxf4 32. Rf2 Qe5 33. Qd2 d5 34. Re1 Qc7 35. Qg5
h6 36. Qh5 Qa5 37. Nc2 dxc4 38. Bxe7 Ba7 39. b4 Bxf2+ 40. Kxf2 Qb6+ 41. Bc5 Rd2+
42. Kf1 Rxe1+ 43. Nxe1 Qd8 44. Nf3 Rxa2 45. Bd4 c3 46. Bxc3 Qd3+ 47. Kg1 Qe3+
48. Kh2 Bd7 49. Ne5 Qf4+ 50. Kh1 Qc1+ 51. Kh2 Qf4+ 52. Kh1 Qc1+ 53. Kh2 Qf4+ 54.
Kh1 1/2-1/2